Non-equilibrum thermodynamics

Salvato in:
Dettagli Bibliografici
Autore principale: Groot, Sybren Ruurds de (Autore)
Natura: Libro
Lingua:inglese
Pubblicazione: Nueva York Dover 1984
Soggetti:
Tags: Aggiungi Tag
Nessun Tag, puoi essere il primo ad aggiungerne!!

MARC

LEADER 00000nam a2200000 a 4500
001 UCX5213
003 CL-VaPUC
008 921007e19840000US |||||||||||||||||eng|d
082 0 4 |a 536.7  |b GRO  |2 21 
100 0 |a Groot, Sybren Ruurds de  |e author  |9 321478 
245 1 0 |a Non-equilibrum thermodynamics 
300 |a 510 p 
942 |c BK 
945 |d 19921007 00:00:00 
260 |a Nueva York  |b Dover  |c 1984 
650 7 |a TERMODINAMICA ESTADISTICA  |2 CL-VaPUC  |9 263685 
650 7 |a PROCESOS IRREVERSIBLES  |2 CL-VaPUC  |9 321479 
583 |a last modification  |c 19921007 00:00:00  |k Rodrigo Vera 
999 |c 225511  |d 225509 
952 |0 0  |1 0  |4 0  |6 536_700000000000000_GRO_1984  |7 0  |8 A  |9 223078  |a BIBCUR  |b BIBCUR  |d 2019-11-15  |i 318109K  |o 536.7 GRO 1984  |p 318109K  |r 2025-04-22  |w 2019-11-15  |y BK  |k BCB